An introduction to quantum field theory / (Record no. 29374)
[ view plain ]
| 000 -LEADER | |
|---|---|
| fixed length control field | 00655 a2200193 4500 |
| 020 ## - INTERNATIONAL STANDARD BOOK NUMBER | |
| International Standard Book Number | 0201503972 |
| 020 ## - INTERNATIONAL STANDARD BOOK NUMBER | |
| International Standard Book Number | 9780201503975 |
| 082 04 - DEWEY DECIMAL CLASSIFICATION NUMBER | |
| Classification number | 530.143 |
| 090 ## - LOCALLY ASSIGNED LC-TYPE CALL NUMBER (OCLC); LOCAL CALL NUMBER (RLIN) | |
| -- | 747 |
| -- | 747 |
| 100 1# - MAIN ENTRY--PERSONAL NAME | |
| Personal name | Peskin, Michael E. |
| 245 13 - TITLE STATEMENT | |
| Title | An introduction to quantum field theory / |
| Statement of responsibility, etc. | Michael E. Peskin, Dan V. Schroeder. |
| 260 ## - PUBLICATION, DISTRIBUTION, ETC. | |
| Place of publication, distribution, etc. | [S.l.] : |
| Name of publisher, distributor, etc. | Westview Press, |
| Date of publication, distribution, etc. | 1995. |
| 300 ## - PHYSICAL DESCRIPTION | |
| Extent | 864 p. ; |
| Dimensions | 25 cm. |
| 490 1# - SERIES STATEMENT | |
| Series statement | Frontiers in physics. |
| 700 1# - ADDED ENTRY--PERSONAL NAME | |
| Personal name | Schroeder, Dan V. |
| 830 #0 - SERIES ADDED ENTRY--UNIFORM TITLE | |
| Uniform title | Frontiers in physics. |
| 942 ## - ADDED ENTRY ELEMENTS (KOHA) | |
| Institution code [OBSOLETE] | SNS |
| Koha item type | Book |
| Call number prefix | 530.143 PES |
| Withdrawn status | Lost status | Source of classification or shelving scheme | Damaged status | Not for loan | Permanent Location | Current Location | Shelving location | Date acquired | Total Checkouts | Total Renewals | Full call number | Barcode | Date last seen | Date last checked out | Price effective from | Koha item type |
|---|---|---|---|---|---|---|---|---|---|---|---|---|---|---|---|---|
| Not For Loan | School of Natural Sciences (SNS) | School of Natural Sciences (SNS) | Reference | 05/26/2016 | 1 | 2 | 530.143 PES | SNS0000912 | 10/25/2018 | 04/25/2018 | 05/26/2016 | Book |
